000 00721cam a2200205 a 4500
020 _a0471116874 (acidfree paper)
040 _cMiUcS
082 0 0 _a910 WIL 1995 A100 Or.
100 1 _aDe Blij, Harm J.
245 1 0 _aHarm de Blij's geography book :
_ba leading geographer's fresh look at our changing world /
246 3 0 _aGeography book
260 _aNew York :
_bWiley,
_cc1995.
300 _a336 p. :
_bill., maps ;
_c25 cm.
500 _aIncludes index.
650 0 _aGeography.
856 4 _uhttp://www.loc.gov/catdir/toc/onix01/95175627.html
856 4 2 _uhttp://www.loc.gov/catdir/enhancements/fy0706/95175627-b.html
856 4 2 _uhttp://www.loc.gov/catdir/enhancements/fy0706/95175627-d.html
942 _cEK
999 _c12521
_d12521